[Event "36 Open Internacional Ciudad de San Seba"]
[Site "Donostia-San Sebastian"]
[Date "2013.03.28"]
[Round "7"]
[White "Narciso Dublan, Marc"]
[Black "Moreno Ruiz, Javier"]
[Result "1/2-1/2"]
[WhiteElo "2551"]
[BlackElo "2495"]
[PlyCount "69"]
[EventDate "2013.03.23"]
[EventRounds "9"]
[EventCountry "ESP"]

1. d4 Nf6 2. c4 e6 3. Nc3 Bb4 4. Qc2 O-O 5. a3 Bxc3+ 6. Qxc3 d5 7. e3 b6 8. b4
Bb7 9. Bb2 dxc4 10. Qxc4 Nbd7 11. Nf3 c5 12. dxc5 bxc5 13. Be2 Bd5 14. Qh4 Rc8
15. O-O cxb4 16. Qxb4 Rb8 17. Qd4 Nc5 18. Rad1 Qb6 19. Bc3 Rfd8 20. Qh4 Nce4
21. Be5 Rbc8 22. Bd3 h6 23. Nd2 Nxd2 24. Rxd2 Nd7 25. Bd4 Qa5 26. Rdd1 Qxa3 27.
Bb5 Qf8 28. Bxa7 Nc5 29. Rc1 Ne4 30. Bd4 Rxc1 31. Rxc1 Rc8 32. Rxc8 Qxc8 33. h3
Qc1+ 34. Kh2 Qc7+ 35. Qf4 1/2-1/2

[Event "36 Open Internacional Ciudad de San Seba"]
[Site "Donostia-San Sebastian"]
[Date "2013.03.28"]
[Round "7"]
[White "Silva Rodriguez, Julio"]
[Black "Pogorelov, Ruslan"]
[Result "1-0"]
[WhiteElo "2141"]
[BlackElo "2403"]
[PlyCount "107"]
[EventDate "2013.03.23"]
[EventRounds "9"]
[EventCountry "ESP"]

1. e4 c5 2. Nf3 e6 3. Nc3 a6 4. d4 cxd4 5. Nxd4 Qc7 6. Bd3 Nf6 7. O-O Be7 8.
Kh1 b5 9. f4 d6 10. Bd2 Bb7 11. Qe2 Nbd7 12. b4 g6 13. a4 e5 14. fxe5 dxe5 15.
Nb3 O-O 16. axb5 Bxb4 17. bxa6 Bxc3 18. Bxc3 Bxa6 19. Bxa6 Qxc3 20. Rad1 Kg7
21. Bb5 Qc7 22. c4 Rad8 23. Qf3 Nh5 24. c5 Nf4 25. g3 Ne6 26. Rd5 Nd4 27. Nxd4
exd4 28. Bxd7 Rxd7 29. Qf6+ Kg8 30. Rxd4 Rxd4 31. Qxd4 Rd8 32. Qf6 Re8 33. Qd4
Qe7 34. Rf4 Rc8 35. Qd6 Qa7 36. c6 Qc7 37. Rf6 Qxd6 38. Rxd6 Kf8 39. Kg2 Ke7
40. e5 Ra8 41. Kf3 Ra2 42. h4 h5 43. Ke4 Rc2 44. Kd5 Rd2+ 45. Kc5 Rc2+ 46. Kb6
Rb2+ 47. Ka7 Ra2+ 48. Kb7 Rb2+ 49. Kc8 Rb3 50. Rd7+ Ke6 51. c7 Rxg3 52. Kd8 Rc3
53. c8=Q Rxc8+ 54. Kxc8 {Kd5} 1-0

[Event "36 Open Internacional Ciudad de San Seba"]
[Site "Donostia-San Sebastian"]
[Date "2013.03.28"]
[Round "7"]
[White "Favarel, Antoine"]
[Black "Aranaz Portugues, Jose Carlos"]
[Result "1-0"]
[WhiteElo "2350"]
[BlackElo "2164"]
[PlyCount "69"]
[EventDate "2013.03.23"]
[EventRounds "9"]
[EventCountry "ESP"]

1. d4 e6 2. Nf3 f5 3. g3 Nf6 4. Bg2 d5 5. O-O Bd6 6. c4 c6 7. Qc2 O-O 8. Nc3
Qe7 9. Rb1 Bd7 10. c5 Bc7 11. Bf4 Bxf4 12. gxf4 Be8 13. b4 Ne4 14. a4 Nd7 15.
b5 Ndf6 16. Ne5 Nh5 17. e3 g5 18. fxg5 Qxg5 19. f4 Qh4 20. Nxe4 fxe4 21. Qf2
Qe7 22. Kh1 Kh8 23. Rg1 Rc8 24. Bh3 Rc7 25. Bg4 Qf6 26. bxc6 bxc6 27. Rb8 Ng7
28. a5 Nf5 29. Bxf5 exf5 30. Rg5 h6 31. Rg6 Bxg6 32. Rxf8+ Qxf8 33. Nxg6+ Kg7
34. Nxf8 Kxf8 35. a6 1-0

[Event "36 Open Internacional Ciudad de San Seba"]
[Site "Donostia-San Sebastian"]
[Date "2013.03.28"]
[Round "7"]
[White "Andres Gonzalez, Ivan"]
[Black "Guijarro Galan, Jose Luis"]
[Result "1-0"]
[WhiteElo "2331"]
[BlackElo "2154"]
[PlyCount "132"]
[EventDate "2013.03.23"]
[EventRounds "9"]
[EventCountry "ESP"]

1. e4 c5 2. Nc3 Nc6 3. Nf3 e6 4. d4 cxd4 5. Nxd4 a6 6. Nxc6 bxc6 7. Bd3 d5 8.
Qf3 Bd6 9. O-O Ne7 10. Qh5 Qc7 11. f4 g6 12. Qh6 f5 13. exd5 Ng8 14. Qh4 Be7
15. Qf2 cxd5 16. Be3 Nf6 17. Bd4 Ng4 18. Qd2 Bc5 19. Ne2 Kf7 20. Kh1 Bxd4 21.
Nxd4 Bd7 22. Rae1 Rhe8 23. Nf3 h6 24. h3 Nf6 25. Qf2 Kg7 26. Qd4 Qa7 27. Qe5
Qb8 28. Qc3 Qc8 29. Qd4 Qc7 30. g4 Qa7 31. Qe5 Kf7 32. Qd6 Qb8 33. Ne5+ Kg7 34.
Qxb8 Raxb8 35. g5 hxg5 36. fxg5 Nh5 37. Nxd7 Rxb2 38. Kg2 Rxa2 39. Ne5 Rc8 40.
Rb1 Rc7 41. Rb6 Ra4 42. Rfb1 Nf4+ 43. Kg3 a5 44. Rb7 Rxb7 45. Rxb7+ Kg8 46. Ra7
Nh5+ 47. Kh2 Nf4 48. Nd7 Ra3 49. Kg3 Ne2+ 50. Kf3 Nd4+ 51. Kf2 Rc3 52. Ke3 Nc6
53. Ra8+ Kg7 54. Kf4 Ra3 55. Ra6 Ra4+ 56. Kg3 Nd4 57. Nc5 Ra1 58. Nxe6+ Nxe6
59. Rxe6 a4 60. Re7+ Kf8 61. Ra7 a3 62. Kf2 a2 63. Be2 Rh1 64. Rxa2 Rh2+ 65.
Ke3 Kf7 66. Bf3 Rxh3 {Ke4} 1-0

[Event "36 Open Internacional Ciudad de San Seba"]
[Site "Donostia-San Sebastian"]
[Date "2013.03.28"]
[Round "7"]
[White "Gagarin, Vasilij"]
[Black "Pastor Pons, Pedro Maria"]
[Result "1-0"]
[WhiteElo "2321"]
[BlackElo "2141"]
[PlyCount "39"]
[EventDate "2013.03.23"]
[EventRounds "9"]
[EventCountry "ESP"]

1. d4 Nf6 2. c4 d6 3. Nf3 Nbd7 4. Nc3 e5 5. e4 c6 6. Be2 Be7 7. O-O O-O 8. d5
c5 9. Ne1 h6 10. g3 Ne8 11. f4 Bf6 12. Nf3 Nc7 13. f5 Bg5 14. Nxg5 hxg5 15. Bh5
Nb6 16. b3 Bd7 17. Qd2 g6 18. f6 Be8 19. Qxg5 Nd7 20. Qh6 1-0

[Event "36 Open Internacional Ciudad de San Seba"]
[Site "Donostia-San Sebastian"]
[Date "2013.03.28"]
[Round "7"]
[White "Diaz Herrero, Alvaro"]
[Black "Aranaz Murillo, Amalia"]
[Result "0-1"]
[WhiteElo "2160"]
[BlackElo "2275"]
[PlyCount "56"]
[EventDate "2013.03.23"]
[EventRounds "9"]
[EventCountry "ESP"]

1. e4 e6 2. d4 d5 3. Nc3 Nf6 4. e5 Nfd7 5. f4 c5 6. Nf3 Nc6 7. Be3 cxd4 8. Nxd4
Bc5 9. Qd2 O-O 10. O-O-O a6 11. Qf2 Qe7 12. h4 f6 13. exf6 Nxf6 14. Be2 Bb4 15.
Na4 Ne4 16. Qf3 Ba5 17. Nb3 Qb4 18. Nxa5 Qxa5 19. Nb6 Qxa2 20. c3 Nxc3 21. Nxa8
Nb4 22. Kd2 Qxb2+ 23. Ke1 Nxd1 24. Bxd1 Bd7 25. Nb6 Bb5 26. Be2 Qb1+ 27. Bd1
Nd3+ 28. Kd2 Qb4+ 0-1

[Event "36 Open Internacional Ciudad de San Seba"]
[Site "Donostia-San Sebastian"]
[Date "2013.03.28"]
[Round "7"]
[White "Sanz Rodero, Mikel"]
[Black "Rebole Arbea, Jose Ignacio"]
[Result "1/2-1/2"]
[WhiteElo "2110"]
[BlackElo "2183"]
[PlyCount "98"]
[EventDate "2013.03.23"]
[EventRounds "9"]
[EventCountry "ESP"]

1. e4 c5 2. Nf3 Nc6 3. c3 d5 4. exd5 Qxd5 5. d4 e5 6. Nxe5 Nxe5 7. dxe5 Qxe5+
8. Qe2 Bd6 9. Na3 Be6 10. Qxe5 Bxe5 11. Be3 Rc8 12. Bc4 Ne7 13. O-O-O Nf5 14.
Bxe6 fxe6 15. Nc4 Bb8 16. Rhe1 b5 17. Nd2 Nxe3 18. Rxe3 Ke7 19. Rde1 Rc6 20. g3
Rd8 21. f4 Rd5 22. c4 bxc4 23. Nxc4 Ra6 24. a3 g5 25. fxg5 Rxg5 26. Kc2 Rf5 27.
Re4 Rc6 28. R1e2 h5 29. Kd3 Kf6 30. Ke3 Rc8 31. Kd3 Rd8+ 32. Kc3 e5 33. Na5 Rd4
34. Nc6 Rxe4 35. Rxe4 Bc7 36. Nxa7 Rf2 37. Rh4 e4 38. Nc6 e3 39. Kd3 e2 40. Kd2
Kg5 41. Ke1 Rg2 42. b4 cxb4 43. axb4 Bb6 44. Re4 Rxh2 45. Rxe2 Rxe2+ 46. Kxe2
Kg4 47. Ne7 Kxg3 48. Kf1 Kf3 49. Ng6 Ke4 1/2-1/2

[Event "36 Open Internacional Ciudad de San Seba"]
[Site "Donostia-San Sebastian"]
[Date "2013.03.28"]
[Round "7"]
[White "Silva Rodriguez, Fernando"]
[Black "Etxagibel Larranaga, Asier"]
[Result "1/2-1/2"]
[WhiteElo "2175"]
[BlackElo "2110"]
[PlyCount "72"]
[EventDate "2013.03.23"]
[EventRounds "9"]
[EventCountry "ESP"]

1. d4 d5 2. c4 c6 3. Nc3 Nf6 4. e3 a6 5. Nf3 Bf5 6. Bd3 Bxd3 7. Qxd3 e6 8. O-O
Be7 9. e4 dxe4 10. Nxe4 Nbd7 11. Bf4 Nxe4 12. Qxe4 O-O 13. Rfd1 Nf6 14. Qe2 Qa5
15. Ne5 Rfd8 16. a3 Qb6 17. c5 Qb5 18. Qc2 a5 19. b3 Nd5 20. Bg3 Bf6 21. Nc4
Qa6 22. Rd3 b5 23. Nd6 a4 24. b4 Qa7 25. Rad1 Be7 26. Rf3 Bxd6 27. Bxd6 f6 28.
Re1 Qf7 29. Rh3 Qg6 30. Qe2 Re8 31. Rh4 Ra7 32. Rg4 Qf5 33. Rg3 Rd7 34. Rf3 Qg4
35. Qd2 Qh5 36. Rh3 Qf5 1/2-1/2

[Event "36 Open Internacional Ciudad de San Seba"]
[Site "Donostia-San Sebastian"]
[Date "2013.03.28"]
[Round "7"]
[White "Oliveira, Maria Ines"]
[Black "Troffiguer, Olivier"]
[Result "1/2-1/2"]
[WhiteElo "1957"]
[BlackElo "2119"]
[PlyCount "101"]
[EventDate "2013.03.23"]
[EventRounds "9"]
[EventCountry "ESP"]

1. e4 c5 2. Nf3 Nc6 3. d4 cxd4 4. Nxd4 Nf6 5. Nc3 d6 6. Bg5 e6 7. Qd2 a6 8.
O-O-O Bd7 9. f3 Be7 10. h4 h6 11. Be3 h5 12. Be2 b5 13. Rdg1 b4 14. Nd1 Nxd4
15. Qxd4 Qa5 16. Kb1 e5 17. Qb6 Qxb6 18. Bxb6 d5 19. Bc7 dxe4 20. Bxe5 Bc6 21.
fxe4 Bxe4 22. Nf2 Bc5 23. Nxe4 Nxe4 24. Re1 O-O 25. Bxh5 Nf2 26. Rhf1 Rae8 27.
Re2 g6 28. Bf3 f5 29. Bf4 Ne4 30. Bxe4 Rxe4 31. Rxe4 fxe4 32. g3 Be3 33. c3
bxc3 34. bxc3 Bd2 35. Kc2 e3 36. Kd3 Rd8+ 37. Ke2 Bxc3 38. Bxe3 Rb8 39. Kd3 Be5
40. Bf4 Rd8+ 41. Ke4 Bg7 42. Rb1 Rd4+ 43. Kf3 Ra4 44. Rb6 Kf7 45. Rb7+ Kg8 46.
Kg4 Bf6 47. Rb6 Kf7 48. Rb7+ Ke6 49. Rb6+ Kf7 50. Rb7+ Ke6 51. Rb6+ 1/2-1/2

[Event "36 Open Internacional Ciudad de San Seba"]
[Site "Donostia-San Sebastian"]
[Date "2013.03.28"]
[Round "7"]
[White "Thomassen, Thomas"]
[Black "Berdote Alonso, Carlos"]
[Result "1-0"]
[WhiteElo "2080"]
[BlackElo "1782"]
[PlyCount "63"]
[EventDate "2013.03.23"]
[EventRounds "9"]
[EventCountry "ESP"]

1. c4 c5 2. g3 g6 3. Bg2 Bg7 4. Nc3 Nc6 5. Nf3 d6 6. O-O e6 7. e3 Nge7 8. d4
O-O 9. d5 Ne5 10. Nxe5 Bxe5 11. e4 Bg7 12. Bg5 h6 13. Be3 a6 14. Qd2 Kh7 15.
Rad1 e5 16. f4 f5 17. fxe5 Bxe5 18. Bxh6 Rh8 19. Bg5 Qe8 20. Rde1 Kg7 21. Re2
Rh5 22. Bf3 Rh7 23. Rfe1 fxe4 24. Nxe4 Qf8 25. Bxe7 Qxe7 26. Nxd6 Qxd6 27. Rxe5
Bd7 28. Qf4 Qf8 29. Re7+ Kg8 30. Rxh7 Kxh7 31. Qh4+ Kg8 32. Re7 1-0

[Event "36 Open Internacional Ciudad de San Seba"]
[Site "Donostia-San Sebastian"]
[Date "2013.03.28"]
[Round "7"]
[White "Ruiz Escobar, Rafael"]
[Black "Gonzalez Pereira, Asier"]
[Result "0-1"]
[WhiteElo "1932"]
[BlackElo "2053"]
[PlyCount "71"]
[EventDate "2013.03.23"]
[EventRounds "9"]
[EventCountry "ESP"]

1. c4 e5 2. Nc3 Nf6 3. g3 d5 4. cxd5 Nxd5 5. Bg2 Nb6 6. Nf3 Nc6 7. O-O Be7 8.
a3 O-O 9. b4 a6 10. d3 Re8 11. Bb2 f5 12. Rc1 Bf6 13. e3 Be6 14. b5 axb5 15.
Nxb5 Na4 16. Ba1 Ra5 17. Ne1 Kh8 18. Nc3 Nc5 19. Bb2 Qd7 20. e4 Nd4 21. Nd5 Bd8
22. Bc3 Rb5 23. a4 Nxa4 24. Bxd4 exd4 25. Qxa4 Rxd5 26. Qa7 Rb5 27. f4 c6 28.
Qa1 Ba5 29. Nf3 Bc3 30. Qa4 Bb2 31. Rb1 Bb3 32. Qa7 Bc2 33. Nxd4 Qc7 34. exf5
Ra5 35. Qxa5 Qxa5 36. Rxb2 0-1

[Event "36 Open Internacional Ciudad de San Seba"]
[Site "Donostia-San Sebastian"]
[Date "2013.03.28"]
[Round "7"]
[White "Rodriguez Cabrera, Fco. Javier"]
[Black "Ferreruela Romero, Jose Joaqui"]
[Result "1/2-1/2"]
[WhiteElo "1924"]
[BlackElo "2022"]
[PlyCount "59"]
[EventDate "2013.03.23"]
[EventRounds "9"]
[EventCountry "ESP"]

1. e4 c6 2. d4 d5 3. Nd2 dxe4 4. Nxe4 Nd7 5. Ng5 Ngf6 6. Bd3 e6 7. N1f3 Bd6 8.
Qe2 h6 9. Ne4 Nxe4 10. Qxe4 Qc7 11. Qg4 Kf8 12. Qe4 b6 13. Bd2 Bb7 14. Qe2 Re8
15. O-O-O Ke7 16. Bc3 Kd8 17. Ne5 Nf6 18. Bd2 Kc8 19. Ba6 Kb8 20. Bxb7 Kxb7 21.
Kb1 Bxe5 22. dxe5 Nd7 23. Rhe1 Rd8 24. Bb4 Nxe5 25. Bc3 f6 26. Rxd8 Rxd8 27. b3
Rd5 28. g3 Rd6 29. Bxe5 fxe5 30. Qxe5 1/2-1/2

[Event "36 Open Internacional Ciudad de San Seba"]
[Site "Donostia-San Sebastian"]
[Date "2013.03.28"]
[Round "7"]
[White "Galarraga Lasa, Jon Gurutz"]
[Black "Segovia Sanchez, Antonio"]
[Result "1/2-1/2"]
[WhiteElo "1904"]
[BlackElo "2018"]
[PlyCount "99"]
[EventDate "2013.03.23"]
[EventRounds "9"]
[EventCountry "ESP"]

1. d4 g6 2. c4 Bg7 3. Nc3 c6 4. e4 d6 5. Nf3 Bg4 6. Be3 Na6 7. Be2 e5 8. O-O
Qe7 9. d5 c5 10. Nd2 Bd7 11. a3 Nh6 12. Rb1 f5 13. f3 f4 14. Bf2 Rc8 15. b4 b6
16. Nb5 Bxb5 17. cxb5 Nb8 18. bxc5 dxc5 19. Qb3 Nf7 20. Nc4 Nd6 21. Rfd1 Nd7
22. a4 Bf6 23. a5 O-O 24. axb6 axb6 25. Ra1 Rc7 26. Ra6 Rb8 27. Rda1 Qf8 28.
R1a4 Kg7 29. Ra7 Rcb7 30. R4a6 Nxc4 31. Bxc4 Qd6 32. Qa3 Be7 33. Ra8 Rxa8 34.
Rxa8 Qc7 35. d6 Qxd6 36. Rg8+ Kh6 37. Qa8 Rb8 38. Rxb8 Nxb8 39. Qd5 Nd7 40. Kf1
Nf6 41. Qxd6 Bxd6 42. Ke2 g5 43. h3 Kg6 44. Be6 Bc7 45. Kd3 Kg7 46. Kc4 Kf8 47.
h4 h6 48. hxg5 hxg5 49. Bf5 Ke7 50. Bc8 1/2-1/2

[Event "36 Open Internacional Ciudad de San Seba"]
[Site "Donostia-San Sebastian"]
[Date "2013.03.28"]
[Round "7"]
[White "Arana Garate, Jon"]
[Black "Ortega Lopez, Mikel"]
[Result "1/2-1/2"]
[WhiteElo "1857"]
[BlackElo "2016"]
[PlyCount "89"]
[EventDate "2013.03.23"]
[EventRounds "9"]
[EventCountry "ESP"]

1. d4 Nf6 2. Nf3 e6 3. Bf4 c5 4. e3 b6 5. Nbd2 Bb7 6. Ne5 d6 7. Bb5+ Nbd7 8.
Nxd7 Nxd7 9. O-O a6 10. Be2 cxd4 11. exd4 Be7 12. Bf3 Bxf3 13. Qxf3 O-O 14. Ne4
Nf6 15. Nxf6+ Bxf6 16. Rac1 Qc7 17. c3 b5 18. a3 a5 19. Qg3 Rfd8 20. Bg5 Bxg5
21. Qxg5 Qc4 22. d5 e5 23. Qd2 Rdb8 24. f4 f6 25. fxe5 fxe5 26. Rf3 Rf8 27.
Rcf1 Rxf3 28. Rxf3 Qc5+ 29. Kf1 Rf8 30. Rxf8+ Kxf8 31. Qd3 g6 32. b4 axb4 33.
axb4 Qb6 34. Qf3+ Kg7 35. Qh3 Qc7 36. Qd3 Qd7 37. c4 bxc4 38. Qxc4 Qf5+ 39. Ke2
Qh5+ 40. Kf2 Qf5+ 41. Ke2 Qh5+ 42. Kf2 Qf5+ 43. Ke2 Qh5+ 44. Kf2 Qf5+ 45. Ke2
1/2-1/2

[Event "36 Open Internacional Ciudad de San Seba"]
[Site "Donostia-San Sebastian"]
[Date "2013.03.28"]
[Round "7"]
[White "Schuettler, Thomas"]
[Black "Picazo Gonzalez, Ana"]
[Result "0-1"]
[WhiteElo "1993"]
[BlackElo "1762"]
[PlyCount "78"]
[EventDate "2013.03.23"]
[EventRounds "9"]
[EventCountry "ESP"]

1. d4 e6 2. c4 d5 3. Nc3 c5 4. cxd5 exd5 5. Nf3 Nc6 6. g3 Nf6 7. Bg2 Be7 8. O-O
O-O 9. Bg5 cxd4 10. Nxd4 h6 11. Be3 Re8 12. Rc1 Bf8 13. Nxc6 bxc6 14. Na4 Bd7
15. Bc5 Bxc5 16. Nxc5 Bg4 17. Re1 Qb6 18. h3 Bh5 19. g4 Bg6 20. Qd4 Re7 21. e3
Rb8 22. b3 Rbe8 23. Red1 Rc7 24. Qc3 Rcc8 25. Rd4 Qc7 26. Rb4 Re7 27. Rb7 Qd6
28. Qa5 Rxb7 29. Nxb7 Qc7 30. Qa6 Qb6 31. Bf1 c5 32. Na5 Rb8 33. f3 Nd7 34. Nc6
Re8 35. Kf2 Qc7 36. Qb5 Re6 37. Na5 a6 38. Qb7 Qxa5 39. Qxd7 Qd2+ 0-1

[Event "36 Open Internacional Ciudad de San Seba"]
[Site "Donostia-San Sebastian"]
[Date "2013.03.28"]
[Round "7"]
[White "Picazo Gonzalez, Alejandro"]
[Black "Rodriguez Rodriguez, Luis J"]
[Result "1-0"]
[WhiteElo "1993"]
[BlackElo "1881"]
[PlyCount "125"]
[EventDate "2013.03.23"]
[EventRounds "9"]
[EventCountry "ESP"]

1. e4 c5 2. c3 d5 3. exd5 Qxd5 4. d4 Nf6 5. Nf3 e6 6. Na3 Nc6 7. Nb5 Qd8 8.
dxc5 Bxc5 9. Qxd8+ Kxd8 10. Bf4 Nd5 11. O-O-O Ke7 12. Bg3 a6 13. Nbd4 Nxd4 14.
Nxd4 Rd8 15. Be2 Nf6 16. Nb3 Bd6 17. Bxd6+ Rxd6 18. Bf3 Rb8 19. Rxd6 Kxd6 20.
Rd1+ Kc7 21. Na5 Bd7 22. Nc4 Rf8 23. Ne5 Bc8 24. a4 Nd7 25. Nc4 Nc5 26. a5 f6
27. b4 Nd7 28. Nd6 Ne5 29. Nxc8 Nxf3 30. Nb6 Ne5 31. f4 Ng6 32. Rd7+ Kc6 33. g3
Rg8 34. Kc2 h5 35. h4 Nf8 36. Re7 Nh7 37. Kb3 f5 38. Nc4 Rb8 39. Ne5+ Kd5 40.
Nd7 Rg8 41. Nc5 Nf6 42. Rxb7 e5 43. fxe5 Kxe5 44. Re7+ Kd6 45. Re6+ Kd5 46.
Rxa6 Ne4 47. c4+ Kd4 48. Nxe4 fxe4 49. Re6 g5 50. a6 gxh4 51. gxh4 Rg3+ 52. Ka4
e3 53. Kb5 Kd3 54. a7 Rg8 55. Ka6 e2 56. b5 Rg6 57. Rxg6 e1=Q 58. a8=Q Qa1+ 59.
Kb7 Qe5 60. Qa3+ Ke4 61. Qd6 Qh8 62. Qe6+ Kd3 63. Rg3+ 1-0

[Event "36 Open Internacional Ciudad de San Seba"]
[Site "Donostia-San Sebastian"]
[Date "2013.03.28"]
[Round "7"]
[White "Izagirre Alsua, Aritz"]
[Black "Zendoia Solabarrieta, Ibon"]
[Result "1-0"]
[WhiteElo "1850"]
[BlackElo "1908"]
[PlyCount "61"]
[EventDate "2013.03.23"]
[EventRounds "9"]
[EventCountry "ESP"]

1. e4 c5 2. Nc3 Nc6 3. g3 g6 4. d3 d6 5. Bg2 Bg7 6. Be3 e6 7. Qd2 Bd7 8. Nd1 h5
9. h3 Nf6 10. Nf3 e5 11. c3 Be6 12. Ng5 Qd7 13. Nxe6 Qxe6 14. Rf1 O-O-O 15. c4
h4 16. g4 Nd4 17. Nc3 Kb8 18. O-O-O Qd7 19. Kb1 Rc8 20. f4 exf4 21. Bxf4 Ne6
22. Bh2 Ka8 23. Nb5 Nd4 24. Nxd6 Rc6 25. e5 Rxd6 26. exd6 Ne8 27. Qf4 Qa4 28.
Rd2 f5 29. d7 Nf6 30. Qc7 Nc6 31. Qc8+ 1-0

[Event "36 Open Internacional Ciudad de San Seba"]
[Site "Donostia-San Sebastian"]
[Date "2013.03.28"]
[Round "7"]
[White "Martikorena Endara, Patxi"]
[Black "Arabiotorre Arbulu, Aitor"]
[Result "0-1"]
[WhiteElo "1635"]
[BlackElo "1896"]
[PlyCount "38"]
[EventDate "2013.03.23"]
[EventRounds "9"]
[EventCountry "ESP"]

1. e4 e5 2. Nf3 Nc6 3. Bb5 f5 4. d3 Nf6 5. Nc3 d6 6. Bg5 h6 7. Bxf6 Qxf6 8. Nd5
Qf7 9. Qe2 a6 10. Ba4 b5 11. Bb3 Na5 12. Nb6 Nxb3 13. Nxa8 Nxa1 14. exf5 Bb7
15. Nxe5 dxe5 16. Qxe5+ Kd8 17. O-O Bd6 18. Qc3 Bxa8 19. Rxa1 Re8 0-1

[Event "36 Open Internacional Ciudad de San Seba"]
[Site "Donostia-San Sebastian"]
[Date "2013.03.29"]
[Round "8"]
[White "Alsina Leal, Daniel"]
[Black "Bas Mas, Jose Joaquin"]
[Result "1-0"]
[WhiteElo "2518"]
[BlackElo "2258"]
[PlyCount "121"]
[EventDate "2013.03.23"]
[EventRounds "9"]
[EventCountry "ESP"]

1. e4 Nf6 2. e5 Nd5 3. d4 d6 4. Nf3 dxe5 5. Nxe5 c6 6. Be2 Bf5 7. O-O Nd7 8.
Nf3 e6 9. c4 Nb4 10. a3 Nc2 11. Ra2 Nxd4 12. Qxd4 Bxb1 13. Bg5 f6 14. Rxb1 fxg5
15. b4 Qf6 16. Qe3 Be7 17. Rd2 g4 18. Nd4 Ne5 19. Re1 O-O 20. Nb3 Qf4 21. Bf1
Qxe3 22. Rxe3 Bf6 23. Re4 Rad8 24. Rde2 Rd3 25. Nc5 Rxa3 26. Rxe5 Bxe5 27. Rxe5
b6 28. Nxe6 Re8 29. b5 c5 30. g3 a5 31. bxa6 Rxa6 32. Re4 Ra7 33. Nxc5 Rxe4 34.
Nxe4 Kf7 35. Nc3 Ra1 36. Kg2 h5 37. Nd5 Rb1 38. Ne3 Kf6 39. h3 gxh3+ 40. Kxh3
g5 41. Be2 g4+ 42. Kg2 Rb2 43. Bd3 Kg5 44. Bc2 h4 45. gxh4+ Kxh4 46. Ba4 Rd2
47. Bb5 Rd8 48. Nd5 Rd6 49. Ba6 Kg5 50. Kg3 Rh6 51. Ne3 Rh3+ 52. Kg2 Rh8 53.
Bb5 Rh7 54. Ba4 Rc7 55. Kg3 Rc5 56. Bb5 Re5 57. Nxg4 Re4 58. Ne3 Re6 59. f4+
Kh6 60. Kf3 Kg7 61. Bd7 1-0

[Event "36 Open Internacional Ciudad de San Seba"]
[Site "Donostia-San Sebastian"]
[Date "2013.03.29"]
[Round "8"]
[White "Moreno Ruiz, Javier"]
[Black "Velten, Paul"]
[Result "1/2-1/2"]
[WhiteElo "2495"]
[BlackElo "2385"]
[PlyCount "160"]
[EventDate "2013.03.23"]
[EventRounds "9"]
[EventCountry "ESP"]

1. d4 d5 2. c4 dxc4 3. Nf3 Nf6 4. e3 Bg4 5. Bxc4 e6 6. h3 Bh5 7. O-O Nc6 8. Be2
Bd6 9. Nbd2 O-O 10. Nc4 Nd5 11. Bd2 Nb6 12. Nxd6 cxd6 13. b4 d5 14. b5 Bxf3 15.
Bxf3 Ne7 16. Bb4 Qd7 17. Qb3 Rfc8 18. Rfc1 Nf5 19. Be2 Nd6 20. a4 Nbc4 21. Rc2
Rc7 22. Rac1 Rac8 23. Bd3 b6 24. Rc3 f5 25. R3c2 h6 26. Bf1 Kh7 27. f3 Kh8 28.
Qd3 Ne8 29. Be1 Ncd6 30. Bg3 Kg8 31. Qb3 Kf7 32. Bd3 Ke7 33. Be5 Rxc2 34. Rxc2
Rxc2 35. Qxc2 Nf7 36. Bb8 Qb7 37. Bf4 Ned6 38. h4 g5 39. Bg3 Kd7 40. Kf2 Qc8
41. Qxc8+ Kxc8 42. Ke2 Kd7 43. Kd2 Ke7 44. Kc3 Kd7 45. Kb4 Ke7 46. a5 Kd7 47.
h5 Ke7 48. Bh2 Kd7 49. g4 Kc8 50. a6 Kd7 51. Bg3 fxg4 52. fxg4 Kc8 53. Bg6 Kd7
54. Kb3 Kc8 55. Kc2 Kd7 56. Kd3 Kc8 57. e4 dxe4+ 58. Ke3 Kd7 59. Bxf7 Nxf7 60.
Kxe4 Nd6+ 61. Ke5 Ke7 62. d5 Nxb5 63. dxe6 Nc7 64. Kf5 Nxa6 65. Kg6 Kxe6 66.
Kxh6 Kf6 67. Kh7 Kf7 68. Kh6 Nc5 69. Bb8 Ne4 70. Bxa7 b5 71. Bd4 b4 72. Ba1 b3
73. Bd4 Nd2 74. Bc3 Nc4 75. Kxg5 b2 76. Bxb2 Nxb2 77. Kh6 Nc4 78. Kh7 Kf6 79.
Kg8 {

[Event "36 Open Internacional Ciudad de San Seba"]
[Site "Donostia-San Sebastian"]
[Date "2013.03.29"]
[Round "8"]
[White "Aranaz Murillo, Amalia"]
[Black "Narciso Dublan, Marc"]
[Result "0-1"]
[WhiteElo "2275"]
[BlackElo "2551"]
[PlyCount "103"]
[EventDate "2013.03.23"]
[EventRounds "9"]
[EventCountry "ESP"]

1. Nf3 e6 2. g3 b5 3. Bg2 Bb7 4. b3 Be7 5. c4 b4 6. Bb2 Nf6 7. O-O O-O 8. d4 a5
9. Re1 d5 10. Ne5 Na6 11. Nd2 c5 12. Rc1 Rc8 13. e3 cxd4 14. exd4 Nb8 15. c5
Nfd7 16. f4 Nxe5 17. Rxe5 Nc6 18. Re1 Ra8 19. Nf3 a4 20. Rc2 axb3 21. axb3 Bf6
22. g4 g6 23. g5 Bg7 24. Re3 Qc7 25. Ne5 f6 26. Nxc6 Qxc6 27. Qe1 Bc8 28. Bh3
fxg5 29. fxg5 Qb5 30. Rf2 Rxf2 31. Qxf2 Qe8 32. Qe1 Qd8 33. Bxe6+ Bxe6 34. Rxe6
Qxg5+ 35. Kh1 Qf5 36. Re8+ Rxe8 37. Qxe8+ Bf8 38. Qe2 h5 39. Kg2 h4 40. Bc1 Bg7
41. Be3 Qe4+ 42. Qf3 Qc2+ 43. Bf2 Kh7 44. Qxd5 Kh6 45. Qf3 g5 46. Qe3 Qf5 47.
h3 Kg6 48. Qf3 Qc2 49. d5 Bd4 50. c6 Bxf2 51. Qxf2 Qxb3 52. Qd2 0-1

[Event "36 Open Internacional Ciudad de San Seba"]
[Site "Donostia-San Sebastian"]
[Date "2013.03.29"]
[Round "8"]
[White "Panelo, Marcelo"]
[Black "Silva Rodriguez, Julio"]
[Result "1-0"]
[WhiteElo "2429"]
[BlackElo "2141"]
[PlyCount "77"]
[EventDate "2013.03.23"]
[EventRounds "9"]
[EventCountry "ESP"]

1. Nf3 d5 2. c4 e6 3. g3 Nf6 4. b3 Be7 5. Bg2 O-O 6. O-O b6 7. Bb2 c5 8. e3 Nc6
9. Nc3 Bb7 10. cxd5 exd5 11. d4 Rc8 12. Rc1 Qd7 13. Ne2 Ba6 14. Re1 Bxe2 15.
Qxe2 Qe6 16. Ng5 Qf5 17. h4 Rcd8 18. dxc5 bxc5 19. e4 Qg6 20. exd5 Nxd5 21. Be4
f5 22. Bxd5+ Rxd5 23. Qc4 Rfd8 24. Rcd1 Na5 25. Qxd5+ Rxd5 26. Rxd5 Bxg5 27.
hxg5 Nc6 28. Rd7 Nd4 29. Bxd4 cxd4 30. Ree7 h6 31. Rxg7+ Qxg7 32. Rxg7+ Kxg7
33. gxh6+ Kxh6 34. Kf1 d3 35. Ke1 Kg5 36. Kd2 Kg4 37. Ke3 d2 38. Kxd2 Kf3 39.
Ke1 1-0

[Event "36 Open Internacional Ciudad de San Seba"]
[Site "Donostia-San Sebastian"]
[Date "2013.03.29"]
[Round "8"]
[White "Favarel, Antoine"]
[Black "Prieto Martin, Alfonso"]
[Result "1/2-1/2"]
[WhiteElo "2350"]
[BlackElo "2181"]
[PlyCount "86"]
[EventDate "2013.03.23"]
[EventRounds "9"]
[EventCountry "ESP"]

1. d4 e6 2. c4 Nf6 3. g3 d5 4. Nf3 c6 5. Qc2 b6 6. Bg2 Bb4+ 7. Bd2 Be7 8. O-O
O-O 9. Rd1 Ba6 10. b3 Nbd7 11. a4 Ne4 12. Be1 Bf6 13. Na3 Qe7 14. b4 Rfc8 15.
Rac1 Nd6 16. c5 bxc5 17. bxc5 Ne4 18. e3 Rab8 19. Rb1 g6 20. Ba5 Bg7 21. Rxb8
Rxb8 22. Rb1 Qe8 23. h4 Qc8 24. Ne1 f5 25. Nd3 e5 26. Nxe5 Nxe5 27. dxe5 Bxe5
28. Bxe4 fxe4 29. Bc3 Rxb1+ 30. Nxb1 Bd3 31. Qb2 Qg4 32. Bxe5 Qd1+ 33. Kh2 Qxb1
34. g4 Qxb2 35. Bxb2 h5 36. Kg3 Kf7 37. a5 Ke6 38. gxh5 gxh5 39. Kf4 Be2 40.
Kg5 a6 41. Kg6 Bd1 42. Bd4 Be2 43. Kg5 Bd1 1/2-1/2

[Event "36 Open Internacional Ciudad de San Seba"]
[Site "Donostia-San Sebastian"]
[Date "2013.03.29"]
[Round "8"]
[White "Osmolny, Vladimir I"]
[Black "Andres Gonzalez, Ivan"]
[Result "1/2-1/2"]
[WhiteElo "2180"]
[BlackElo "2331"]
[PlyCount "24"]
[EventDate "2013.03.23"]
[EventRounds "9"]
[EventCountry "ESP"]

1. d4 d5 2. c4 c6 3. Nc3 Nf6 4. cxd5 cxd5 5. Bf4 Nc6 6. e3 a6 7. Rc1 g6 8. h3
Bg7 9. Nf3 O-O 10. Bd3 b5 11. O-O Bb7 12. Ne5 Rc8 1/2-1/2